000 02459ncm0a2200421 4500
001 RU\NLR\ONIZ\222877
005 20250626094706.0
035 _aRU\NLR\ONIZ\natafirs\5000002309\20171227153130
035 _a(NLR Aleph) 011590819
071 2 0 _aс 4320 к
090 _a10837176
_c10837176
100 _a20171227d2006 |||y0rusy50 ca
101 0 _aeng
_arus
102 _aRU
125 _aab
128 _aco
145 0 _ab
200 1 _aКонцерт для гитары и камерного оркестра
_bНоты
_dConcerto for guitar and chamber orchestra
_zeng
_fВ. Цытович
_gперелож. для гитары и фп. авт.
_gред. партии гитары К. В. Ильгина
208 _aКлавир и партия
210 _aСанкт-Петербург
_cКомпозитор - Санкт-Петербург
_d2006
215 _a30 с., 1 парт.
_d29 см
313 _aСистематизация документа проведена по изданию - Методика классифицирования музыкальных произведений (нотных изданий) по таблицам Библиотечно-библиографических классификаций : метод. рекомендации / Гос. б-ка СССР им. В.И. Ленина.- М., 1977. Индексу ББК методических рекомендаций присваивается код ББК для научных библиотек - LBC/SL
606 1 _aКонцерты для гитары и камерного оркестра
_yРоссия
_z21 в.
_jНоты
_2nlr_sh
606 1 _aМузыка для гитары и камерного оркестра
_yРоссия
_z21 в.
_jНоты
_2nlr_sh
686 _aЩ956.4-042(2Р)Фп
_vLBC/SL
_2rubbk
700 1 _9z05790
_aЦытович
_bВ. И.
_f1931-2012
_gВладимир Иванович
_4230
_7ca
702 1 _9z06790
_aИльгин
_bК. В.
_gКонстантин Владимирович
_4340
_7ca
790 1 _9z05700
_aTsytovich
_bV. I.
_f1931-2012
_gVladimir Ivanovich
_4230
_7ba
790 1 _9z06702
_aIl`gin
_bK. V.
_gKonstantin Vladimirovič
_4340
_7ba
801 0 _aRU
_bNLR
_c20171227
_gPSBO
801 1 _aRU
_bNLR
_c20171227
_2rusmarc
801 2 _aRU
_bNLR
_c20191016
852 _aNLR
_bМ
_jК-3/26487
_p279146
_t1
852 _aNLR
_bМ
_jК-3/26487а
_p259633
_t1
942 _cSCORE
980 _aNB
980 _aONIZ